000 00474nam a2200157 i 4500
001 30269
003 ES-MaACL
005 20230906154150.0
007 t|
008 030124s1914 ag ||||1| spa d
100 1 _aBassi, Angel C.
_926317
245 1 0 _aGobierno, administración e higiene del hogar
_b: curso de ciencia doméstica /
_cAngel C. Bassi.
260 _aBuenos Aires :
_bCabaut y Cía.,
_c1914.
300 _aXVII, 433 p. ;
_c19 cm.
852 _aES-MaACL
_jD-1904
999 _c30269
_d30269